000 00317nam a22001337a 4500
008 180222b xxu||||| |||| 00| 0 eng d
020 _a9781930808454
041 _aeng
080 _a615
100 _a5
101 _aFAR
245 _aTHE SANFORD GUIDE TO ANTIMICROBIAL THERAPY 2008
_cGilbert,D.N
942 _2udc
_cBK
999 _c43121
_d43121